| 000 | 00506cam a2200193 4500 | ||
|---|---|---|---|
| 001 | D980 | ||
| 008 | 090401t1981 xxu||||| |||| 00| 0 eng d | ||
| 035 | _a(Sirsi) u49178 | ||
| 041 | _aeng | ||
| 050 | _a692.8 | ||
| 110 |
_aAqua Group _9865 |
||
| 245 | _aContract administration for architects and quantity surveyors | ||
| 260 |
_aLondon _bGranada _c1981 |
||
| 300 | _a121p. 23cm | ||
| 350 | _a6.95 | ||
| 520 | _aFifth edition with supplement on the JCT 1980 form | ||
| 942 | _n0 | ||
| 948 | _c04/03/1997 | ||
| 999 |
_c92511 _d92511 |
||